| 000 | 00424nam a22001697a 4500 | ||
|---|---|---|---|
| 003 | SGT | ||
| 020 | _a97918887401720 | ||
| 082 |
_a617.8 _bH22B |
||
| 100 | _aBARRY, PETER | ||
| 245 | _aHEARING LOSS CLINICAL DIAGNOSIS AND MANAGEMENT | ||
| 250 | _a1ST | ||
| 260 |
_aUSA _bAMERICAN MEDICAL PUB _c2022 |
||
| 300 | _a233 | ||
| 650 | _aAUDIOLOGY | ||
| 653 | _aHEARING LOSS CLINICAL DIAGNOSIS AND MANAGEMENT | ||
| 942 |
_2ddc _cBK |
||
| 999 |
_c31349 _d31349 |
||